banner-ar

الدولة المستوردة : تغريب النظام السياسى / (Record no. 51534)

MARC details
000 -الفاتح
حقل البيانات ثابتة الطول 00652nam a2200217Ia 4500
008 - عناصر البيانات ثابتة الطول - معلومات عامة
حقل البيانات ثابتة الطول 140319s9999 xx 000 0 ara d
040 ## - مصدر الفهرسة
وكالة الفهرسة الأصلية GCL /
وكالة النسخ GCL
082 04 - رقم تصنيف ديوى العشرى
رقم التصنيف 320.157
رقم المادة ب د
100 1# - المدخل الرئيسى - إسم شخصى
الإسم الشخصى لطيف فرج (مترجم)
245 10 - بيان العنوان
العنوان الدولة المستوردة : تغريب النظام السياسى /
بيان المسئوليه,etc لطيف فرج (مترجم)
700 1# - المدخل الاضافى - اسم شخصى
الإسم الشخصى بادى، برتران
300 ## - الوصف المادى
التعداد 307 ص
490 ## - بيان السلسلة
عنوان السلسلة كتاب العالم الثالث
رقم المجلد/ التعيين التسلسلي 0
650 04 - المدخل الاضافى بالموضوع-مصطلح موضوعى
مصطلح موضوعي السياسة
650 04 - المدخل الاضافى بالموضوع-مصطلح موضوعى
مصطلح موضوعي السلطة
650 04 - المدخل الاضافى بالموضوع-مصطلح موضوعى
مصطلح موضوعي الاستبداد
650 04 - المدخل الاضافى بالموضوع-مصطلح موضوعى
مصطلح موضوعي الاقليمية
650 04 - المدخل الاضافى بالموضوع-مصطلح موضوعى
مصطلح موضوعي السيادة
942 ## - عناصر المدخل الإضافي( كوها)
مصدر التصنيف او مخطط الترفيف Dewey Decimal Classification
Koha [default] item type كتاب
Holdings
حالة التراجع حالة الفقد حالة تلف ليس للاعارة المكان المؤقت الموقع الحالى تاريخ الاكتساب اجمالي اﻻعارات رقم الطلب الباركود تاريخ اخر مشاهدة تاريخ تفعيل السعر نوع وعاء كوها
        مكتبة القاهرة الكبرى مكتبة القاهرة الكبرى 03/26/2014   320.157\ب د 123457 03/26/2014 03/26/2014 كتاب

Powered By

EGPV